[Event "19th Amber Rapid"]
[Site "Nice FRA"]
[Date "2010.03.16"]
[Round "4"]
[White "Karjakin, Sergey"]
[Black "Svidler, P."]
[Result "0-1"]
[WhiteElo "2725"]
[BlackElo "2750"]
[PlyCount "76"]
[EventDate "2010.03.13"]

1. d4 Nf6 2. c4 g6 3. Nc3 d5 4. cxd5 Nxd5 5. e4 Nxc3 6. bxc3 Bg7 7. Nf3 c5 8.
Be3 Bg4 9. Rc1 Qa5 10. Qd2 Nc6 11. d5 Bxf3 12. gxf3 Rd8 13. Bd3 O-O 14. O-O Qc7
15. Rfd1 b6 16. Qe2 Ne5 17. Bb5 g5 18. f4 Ng6 19. fxg5 f6 20. gxf6 Rxf6 21. Kh1
Qe5 22. f3 Rdf8 23. Rf1 Nh4 24. Bd7 Rxf3 25. Rxf3 Qxe4 26. Be6+ Kh8 27. Bd4
Qxf3+ 28. Qxf3 Rxf3 29. Bxg7+ Kxg7 30. Kg1 Kf6 31. Bg4 Rf4 32. h3 Ng6 33. Kg2
Ra4 34. Kg3 Rxa2 35. Rf1+ Kg7 36. Be6 Ra3 37. Rf7+ Kh6 38. Rf3 b5 0-1

[Event "19th Amber Rapid"]
[Site "Nice FRA"]
[Date "2010.03.16"]
[Round "4"]
[White "Dominguez Perez, L."]
[Black "Grischuk, A."]
[Result "0-1"]
[WhiteElo "2713"]
[BlackElo "2756"]
[PlyCount "100"]
[EventDate "2010.03.13"]

1. e4 c5 2. Nf3 d6 3. d4 cxd4 4. Nxd4 Nf6 5. Nc3 a6 6. Be3 Ng4 7. Bg5 h6 8. Bh4
g5 9. Bg3 Bg7 10. h3 Ne5 11. f3 Nbc6 12. Bf2 Ng6 13. Nd5 Rb8 14. Qd2 e6 15. Nc3
Be5 16. O-O-O Qf6 17. Nde2 Bd7 18. Kb1 b5 19. Nc1 Na5 20. Nd3 Nc4 21. Qe1 Bxc3
22. Qxc3 Qxc3 23. bxc3 Ke7 24. Kc1 Rhc8 25. h4 Nxh4 26. Bxh4 gxh4 27. Rxh4 Ne3
28. Re1 Nxf1 29. Rxf1 Rxc3 30. Kb2 Rbc8 31. Rf2 a5 32. Rxh6 b4 33. g4 Bb5 34.
Rd2 a4 35. Nxb4 a3+ 36. Kc1 Rxf3 37. Rh1 Rc4 38. Nd3 Rxe4 39. Ne1 Rg3 40. Rf2
Bc4 41. Kd2 Bxa2 42. Rh7 e5 43. Nd3 Rexg4 44. Rh8 Bd5 45. Rc8 Kd7 46. Rc3 a2
47. Ra3 Rg2 48. Ra7+ Ke6 49. Kc3 Rxf2 50. Nxf2 Rg1 0-1

[Event "19th Amber Rapid"]
[Site "Nice FRA"]
[Date "2010.03.18"]
[Round "5"]
[White "Grischuk, A."]
[Black "Gashimov, V."]
[Result "0-1"]
[WhiteElo "2756"]
[BlackElo "2740"]
[PlyCount "90"]
[EventDate "2010.03.13"]

1. d4 Nf6 2. c4 e6 3. Nf3 c5 4. d5 d6 5. Nc3 exd5 6. cxd5 g6 7. g3 Bg7 8. Bg2
O-O 9. O-O Re8 10. Bf4 Na6 11. Re1 Bg4 12. Qb3 b5 13. Nxb5 Rb8 14. Qa4 Qd7 15.
Qxa6 Rxb5 16. Qxd6 Qxd6 17. Bxd6 Ne4 18. Bc7 Rxb2 19. d6 Bd7 20. Rab1 c4 21.
Rxb2 Bxb2 22. e3 c3 23. Nd4 f5 24. Bf1 Nd2 25. Bd3 c2 26. Nxc2 Nf3+ 27. Kf1
Nxe1 28. Kxe1 Re5 29. Bc4+ Kf8 30. Kd2 Rc5 31. Kd3 Bf6 32. Nd4 Ke8 33. Nb3 Rc6
34. Na5 Rc5 35. Nb3 Rc6 36. f3 h5 37. Na5 Rc5 38. Nb3 Rc6 39. f4 h4 40. gxh4
Bxh4 41. Na5 Rc5 42. Nb3 Rc6 43. Bb5 Rxc7 44. dxc7 Bxb5+ 45. Kd4 Kd7 0-1

[Event "19th Amber Rapid"]
[Site "Nice FRA"]
[Date "2010.03.18"]
[Round "5"]
[White "Carlsen, M."]
[Black "Karjakin, Sergey"]
[Result "0-1"]
[WhiteElo "2813"]
[BlackElo "2725"]
[PlyCount "92"]
[EventDate "2010.03.13"]

1. c4 e5 2. g3 Nf6 3. Bg2 d5 4. cxd5 Nxd5 5. Nc3 Nb6 6. Nf3 Nc6 7. a3 Be7 8. b4
Be6 9. O-O O-O 10. Rb1 f6 11. d3 Nd4 12. Nd2 c6 13. e3 Nb5 14. Nxb5 cxb5 15.
Nb3 Qd7 16. Na5 Nd5 17. Bb2 Rac8 18. d4 b6 19. Nb3 Nc3 20. Bxc3 Rxc3 21. Rb2 a5
22. d5 Bg4 23. Qd2 axb4 24. axb4 Bxb4 25. Nd4 Rb3 26. Qc2 Rxb2 27. Qxb2 exd4
28. Qxb4 Be2 29. Ra1 dxe3 30. fxe3 Bc4 31. h3 Qc7 32. d6 Qc5 33. Qd2 Qe5 34.
Ra7 Qxg3 35. Qd4 Rd8 36. d7 Kf7 37. Qxb6 Bd5 38. Ra2 Rxd7 39. Qxb5 Qxe3+ 40.
Rf2 Be6 41. Qh5+ Kf8 42. Qxh7 Rd1+ 43. Bf1 Qg3+ 44. Rg2 Rxf1+ 45. Kxf1 Bxh3 46.
Qh8+ Ke7 0-1

[Event "19th Amber Rapid"]
[Site "Nice FRA"]
[Date "2010.03.18"]
[Round "5"]
[White "Svidler, P."]
[Black "Aronian, L."]
[Result "1-0"]
[WhiteElo "2750"]
[BlackElo "2782"]
[PlyCount "61"]
[EventDate "2010.03.13"]

1. e4 e5 2. Nf3 Nc6 3. Bb5 Nge7 4. Nc3 g6 5. d4 exd4 6. Nd5 Bg7 7. Bg5 h6 8.
Bf6 Kf8 9. Bxg7+ Kxg7 10. O-O d6 11. Bxc6 Nxc6 12. Nxd4 Re8 13. Nb5 Rxe4 14.
Nbxc7 Rb8 15. Qd3 Bf5 16. Qc3+ Ne5 17. b3 Re2 18. f4 Rxc2 19. Qd4 Qh4 20. Rad1
Rxa2 21. Nb5 Bh3 22. gxh3 Qxh3 23. Rd2 Qg4+ 24. Kh1 Qh3 25. Rdf2 Rxf2 26. Rxf2
Rc8 27. Ndc3 Qd3 28. fxe5 Qxd4 29. Nxd4 Rxc3 30. exd6 Rd3 31. Rf4 1-0

[Event "19th Amber Rapid"]
[Site "Nice FRA"]
[Date "2010.03.18"]
[Round "5"]
[White "Ivanchuk, V."]
[Black "Smeets, J."]
[Result "1-0"]
[WhiteElo "2748"]
[BlackElo "2651"]
[PlyCount "79"]
[EventDate "2010.03.13"]

1. e4 e5 2. Nf3 Nf6 3. Nc3 Nc6 4. Bb5 Nd4 5. Nxd4 exd4 6. Nd5 Nxd5 7. exd5 Be7
8. O-O O-O 9. Re1 c5 10. a4 d6 11. d3 Bg5 12. Bd2 a6 13. Bc4 b6 14. b4 Bd7 15.
Bb3 Bxd2 16. Qxd2 Qf6 17. Re4 Bf5 18. Re2 Rfe8 19. Rae1 Rxe2 20. Qxe2 Bd7 21.
a5 bxa5 22. bxa5 Kf8 23. Bc4 Qd8 24. Qd2 Rb8 25. h4 Bb5 26. h5 Bxc4 27. dxc4 h6
28. g3 Qg5 29. Qe2 Qf6 30. Kg2 Qd8 31. Qe4 Kg8 32. Qf5 Qxa5 33. Re7 Rf8 34. Rd7
Qb6 35. g4 Qb4 36. g5 Qxc4 37. gxh6 gxh6 38. Rxd6 d3 39. Rxh6 Re8 40. Qg5+ 1-0

[Event "19th Amber Rapid"]
[Site "Nice FRA"]
[Date "2010.03.19"]
[Round "6"]
[White "Ponomariov, R."]
[Black "Ivanchuk, V."]
[Result "1/2-1/2"]
[WhiteElo "2737"]
[BlackElo "2748"]
[PlyCount "42"]
[EventDate "2010.03.13"]

1. d4 Nf6 2. c4 e6 3. Nf3 d5 4. g3 dxc4 5. Bg2 a6 6. O-O Nc6 7. Nc3 Rb8 8. e4
Be7 9. Qe2 Nxd4 10. Nxd4 Qxd4 11. Rd1 Qc5 12. e5 Nd7 13. Bf4 O-O 14. Ne4 Qa5
15. Qh5 f6 16. Ng5 fxg5 17. Be4 h6 18. Qg6 Nxe5 19. Bxe5 Qxe5 20. Qh7+ Kf7 21.
Qg6+ Kg8 1/2-1/2

[Event "19th Amber Rapid"]
[Site "Nice FRA"]
[Date "2010.03.19"]
[Round "6"]
[White "Dominguez Perez, L."]
[Black "Karjakin, Sergey"]
[Result "0-1"]
[WhiteElo "2713"]
[BlackElo "2725"]
[PlyCount "114"]
[EventDate "2010.03.13"]

1. d4 d5 2. c4 c6 3. Nf3 Nf6 4. cxd5 cxd5 5. Nc3 Nc6 6. Bf4 a6 7. Rc1 Ne4 8.
Ne5 Nxc3 9. Rxc3 Bd7 10. Nxc6 Bxc6 11. a3 g6 12. e3 Bg7 13. Be2 O-O 14. O-O f6
15. b4 e5 16. Bg3 Qd7 17. Qb3 Rae8 18. Bf3 Kh8 19. h3 Bb5 20. dxe5 Bxf1 21.
Kxf1 d4 22. exd4 Qxd4 23. Rd3 Qb6 24. exf6 Qxf6 25. Rd1 Rf7 26. Kg1 Rfe7 27.
Kh2 b5 28. a4 h5 29. h4 Re1 30. axb5 axb5 31. Qd3 Rxd1 32. Bxd1 Rd8 33. Qe2 Rd4
34. Bc2 Rxb4 35. Qe8+ Kh7 36. Bd3 Rb3 37. Bxb5 Qf8 38. Qe2 Rb2 39. Qd3 Qf6 40.
Bc4 Rb6 41. Qd5 Qf8 42. Bd3 Kh8 43. Be4 Qe7 44. f3 Re6 45. Qa8+ Kh7 46. Bd5 Be5
47. Bxe6 Qxh4+ 48. Kg1 Qxg3 49. Qg8+ Kh6 50. Kf1 Qf4 51. Qc8 Qd2 52. Qf8+ Bg7
53. Qa3 Qd1+ 54. Kf2 Bd4+ 55. Kg3 Qe1+ 56. Kh2 Qxe6 57. Qf8+ Bg7 0-1

[Event "19th Amber Rapid"]
[Site "Nice FRA"]
[Date "2010.03.19"]
[Round "6"]
[White "Gashimov, V."]
[Black "Aronian, L."]
[Result "1/2-1/2"]
[WhiteElo "2740"]
[BlackElo "2782"]
[PlyCount "97"]
[EventDate "2010.03.13"]

1. e4 e5 2. Nf3 Nc6 3. Bb5 Nf6 4. O-O Nxe4 5. d4 Nd6 6. Bxc6 dxc6 7. dxe5 Nf5
8. Qxd8+ Kxd8 9. Nc3 Ke8 10. Ne2 b6 11. Rd1 Ne7 12. Ned4 a6 13. e6 f6 14. b4
Ng6 15. Be3 c5 16. bxc5 Bxc5 17. Re1 Ne7 18. Bf4 g5 19. Be3 Bb7 20. c4 Rd8 21.
Nc2 Bd6 22. Nfd4 c5 23. Ne2 Be4 24. Rac1 Bd3 25. Na3 Nf5 26. Nc3 Nxe3 27. fxe3
Bf5 28. Nd5 Bxe6 29. Nxf6+ Ke7 30. Nd5+ Bxd5 31. cxd5 b5 32. Nc2 Rhf8 33. g3
Be5 34. e4 Rf3 35. Kg2 Rd3 36. Re2 Rc3 37. Rd1 Rf8 38. Ne3 c4 39. Nf5+ Kd7 40.
d6 Rd8 41. Rd5 Ke6 42. Red2 Rd7 43. Rc5 Bxd6 44. Rcd5 Rd3 45. R2xd3 cxd3 46.
Nd4+ Ke7 47. Nf5+ Ke6 48. Nd4+ Ke7 49. Nf5+ 1/2-1/2

[Event "19th Amber Rapid"]
[Site "Nice FRA"]
[Date "2010.03.19"]
[Round "6"]
[White "Gelfand, B."]
[Black "Carlsen, M."]
[Result "0-1"]
[WhiteElo "2750"]
[BlackElo "2813"]
[PlyCount "100"]
[EventDate "2010.03.13"]

1. d4 Nf6 2. c4 g6 3. Nc3 Bg7 4. e4 d6 5. Nf3 O-O 6. Be2 e5 7. Be3 c6 8. d5 Na6
9. O-O Ng4 10. Bg5 f6 11. Bh4 c5 12. Ne1 h5 13. a3 Qe7 14. Nd3 b6 15. h3 Nh6
16. f4 g5 17. fxg5 fxg5 18. Rxf8+ Bxf8 19. Bf2 g4 20. h4 Nf7 21. g3 Bh6 22. b4
Bd7 23. bxc5 Nxc5 24. Nxc5 dxc5 25. a4 Rf8 26. a5 Qf6 27. Qe1 Nd6 28. Ra2 Bc1
29. axb6 axb6 30. Bxc5 bxc5 31. Qxc1 Qf2+ 32. Kh1 Qxg3 33. Qg5+ Kf7 34. Ra7
Qh3+ 35. Kg1 Qg3+ 36. Kh1 Ke8 37. Qg6+ Rf7 38. Qg8+ Ke7 39. Qg5+ Kf8 40. Ra8+
Nc8 41. Rxc8+ Bxc8 42. Qd8+ Kg7 43. Qg5+ Kh7 44. Qxh5+ Kg8 45. Qg5+ Rg7 46.
Qd8+ Kh7 47. Qxc8 Rf7 48. Qxg4 Rf1+ 49. Bxf1 Qxg4 50. d6 Qf3+ 0-1

[Event "19th Amber Rapid"]
[Site "Nice FRA"]
[Date "2010.03.20"]
[Round "7"]
[White "Aronian, L."]
[Black "Kramnik, V."]
[Result "1-0"]
[WhiteElo "2782"]
[BlackElo "2790"]
[PlyCount "101"]
[EventDate "2010.03.13"]

1. d4 Nf6 2. c4 e6 3. Nc3 Bb4 4. e3 O-O 5. Bd3 c5 6. Nf3 b6 7. d5 exd5 8. cxd5
h6 9. e4 Nxe4 10. Bxe4 Bxc3+ 11. bxc3 Re8 12. Nd2 f5 13. O-O fxe4 14. c4 d6 15.
Bb2 Qg5 16. f3 Bh3 17. Qe2 e3 18. Ne4 Qg6 19. a4 Nd7 20. Ra3 Ne5 21. Kh1 Nxc4
22. gxh3 Rxe4 23. Rg1 Qh5 24. Rxg7+ Kf8 25. Rh7 Nxb2 26. Rxe3 Rxe3 27. Qxe3 Kg8
28. Rxh6 Qf5 29. Rh4 Nd3 30. Rg4+ Kf7 31. Re4 Qxd5 32. Re7+ Kf8 33. Rh7 Kg8 34.
Rc7 Nf2+ 35. Qxf2 Kf8 36. Qe3 Qd1+ 37. Kg2 Qc2+ 38. Kg3 Qg6+ 39. Kh4 Qf6+ 40.
Qg5 Qxg5+ 41. Kxg5 d5 42. f4 d4 43. f5 Re8 44. Kf6 d3 45. Rf7+ Kg8 46. Rg7+ Kh8
47. Rd7 c4 48. Kf7 Rc8 49. f6 c3 50. Rd4 Rc7+ 51. Kg6 1-0

[Event "19th Amber Rapid"]
[Site "Nice FRA"]
[Date "2010.03.20"]
[Round "7"]
[White "Ivanchuk, V."]
[Black "Grischuk, A."]
[Result "1-0"]
[WhiteElo "2748"]
[BlackElo "2756"]
[PlyCount "87"]
[EventDate "2010.03.13"]

1. e4 c5 2. Nf3 d6 3. d4 cxd4 4. Nxd4 Nf6 5. Nc3 a6 6. Bg5 e6 7. f4 Qb6 8. Qd2
Qxb2 9. Rb1 Qa3 10. f5 Nc6 11. fxe6 fxe6 12. Nxc6 bxc6 13. Be2 Be7 14. O-O O-O
15. Rb3 Qc5+ 16. Be3 Qe5 17. Bf4 Qc5+ 18. Kh1 Ng4 19. h3 e5 20. Na4 Qa7 21.
hxg4 exf4 22. Nb6 Be6 23. Nxa8 Bxb3 24. axb3 Qxa8 25. Ra1 Bf6 26. Rxa6 Qd8 27.
Rxc6 Be5 28. Bf3 Bd4 29. Qe1 Be3 30. Kh2 Qf6 31. Kh3 g5 32. g3 Qh6+ 33. Kg2
fxg3 34. Qxg3 Bf4 35. Qh3 Qg7 36. e5 Bxe5 37. Be4 h6 38. b4 Qf7 39. Qf3 Qb7 40.
Qb3+ Kg7 41. Qc4 Rf7 42. Rxd6 Qa7 43. Rg6+ Kh8 44. Qc8+ 1-0

[Event "19th Amber Rapid"]
[Site "Nice FRA"]
[Date "2010.03.20"]
[Round "7"]
[White "Karjakin, Sergey"]
[Black "Ponomariov, R."]
[Result "1-0"]
[WhiteElo "2725"]
[BlackElo "2737"]
[PlyCount "45"]
[EventDate "2010.03.13"]

1. e4 e5 2. Nf3 Nc6 3. Bb5 a6 4. Ba4 g6 5. d4 b5 6. Bb3 exd4 7. Nxd4 Na5 8. a4
Nxb3 9. Nxb3 Bb7 10. O-O Bg7 11. Na5 Rb8 12. Nxb7 Rxb7 13. axb5 axb5 14. f4 d5
15. f5 gxf5 16. Nc3 fxe4 17. Nxd5 c6 18. Qg4 Bd4+ 19. Be3 cxd5 20. Bxd4 f6 21.
Qe6+ Re7 22. Qc6+ Qd7 23. Ra8+ 1-0

[Event "19th Amber Blindfold"]
[Site "Nice FRA"]
[Date "2010.03.21"]
[Round "8"]
[White "Karjakin, Sergey"]
[Black "Grischuk, A."]
[Result "0-1"]
[WhiteElo "2725"]
[BlackElo "2756"]
[PlyCount "164"]
[EventDate "2010.03.13"]

1. e4 c5 2. Nf3 d6 3. d4 cxd4 4. Nxd4 Nf6 5. Nc3 a6 6. f3 e5 7. Nb3 Be7 8. Be3
Be6 9. Qd2 O-O 10. O-O-O a5 11. Kb1 a4 12. Nc1 a3 13. b3 Ra5 14. Bc4 Bxc4 15.
bxc4 Qc8 16. Nb3 Ra6 17. Qe2 Nc6 18. g4 Na5 19. g5 Nd7 20. Nxa5 Rxa5 21. Rd5
Ra6 22. Rb5 Rc6 23. Nd5 Bd8 24. Rb4 Re8 25. Qd3 Ba5 26. Rb5 b6 27. Qxa3 Re6 28.
h4 Rxc4 29. Qb3 Rc6 30. h5 Qf8 31. g6 Kh8 32. Rf1 Qg8 33. f4 fxg6 34. hxg6 exf4
35. Rxf4 Ne5 36. gxh7 Qe8 37. Bxb6 Bxb6 38. Rxb6 Nc4 39. Rb8 Nd2+ 40. Kb2 Nxb3
41. Rxe8+ Rxe8 42. cxb3 Kxh7 43. a4 g5 44. Rg4 Kh6 45. a5 Rc5 46. b4 Rb8 47.
Ka3 Rc1 48. Kb2 Rc5 49. a6 Ra5 50. Rg3 Rxa6 51. Rb3 Ra4 52. Kc3 g4 53. Kc4 Kg5
54. Nc3 Rc8+ 55. Kd4 Rxc3 56. Kxc3 g3 57. Rb2 Kf4 58. Kd4 Kf3 59. Rb3+ Kf4 60.
Rb2 Ra6 61. b5 Rb6 62. Kd5 Kf3 63. Rb3+ Kg4 64. Rb1 g2 65. e5 dxe5 66. Kxe5
Rxb5+ 67. Rxb5 g1=Q 68. Rb4+ Kg5 69. Rb5 Qe3+ 70. Kd6+ Kf6 71. Rc5 Qe6+ 72. Kc7
Ke7 73. Rh5 Qd7+ 74. Kb6 Qd4+ 75. Kc7 Qf4+ 76. Kb6 Kd6 77. Rb5 Qa4 78. Rg5 Qd4+
79. Kb7 Qe4+ 80. Ka6 Kc6 81. Ka5 Qb1 82. Rh5 Qe1+ 0-1

[Event "19th Amber Blindfold"]
[Site "Nice FRA"]
[Date "2010.03.21"]
[Round "8"]
[White "Ivanchuk, V."]
[Black "Dominguez Perez, L."]
[Result "1/2-1/2"]
[WhiteElo "2748"]
[BlackElo "2713"]
[PlyCount "113"]
[EventDate "2010.03.13"]

1. Nf3 c5 2. e4 d6 3. d4 cxd4 4. Nxd4 Nf6 5. Nc3 a6 6. Bg5 e6 7. f4 Nc6 8. Nxc6
bxc6 9. e5 h6 10. Bh4 g5 11. fxg5 Nd5 12. Ne4 Qb6 13. Bd3 hxg5 14. Bg3 dxe5 15.
Bxe5 Rh4 16. Qd2 Qb4 17. Qxb4 Bxb4+ 18. c3 Be7 19. O-O f5 20. Nd6+ Kd7 21. Nxc8
Bc5+ 22. Kh1 Kxc8 23. Rae1 Kd7 24. Bc2 Bd6 25. g3 Rh6 26. Bb3 Bxe5 27. Rxe5
Rah8 28. Re2 a5 29. Kg1 g4 30. Rd1 Kc7 31. Rde1 Kd7 32. Rd2 Kc7 33. Bxd5 cxd5
34. c4 Kd6 35. cxd5 exd5 36. Red1 Ke6 37. h4 Rd8 38. Rc2 Rh7 39. Kf2 Rd6 40. b3
a4 41. bxa4 Ra7 42. Re2+ Kf6 43. Rd4 Ra5 44. a3 Rda6 45. Kg2 Rxa4 46. Rxd5 R4a5
47. Rxa5 Rxa5 48. Re3 Ra4 49. Rb3 Kg6 50. Kf2 f4 51. gxf4 Rxf4+ 52. Kg3 Ra4 53.
Rc3 Kh6 54. Rd3 Kg6 55. Re3 Kh6 56. Re6+ Kg7 57. Re3 1/2-1/2

[Event "19th Amber Blindfold"]
[Site "Nice FRA"]
[Date "2010.03.21"]
[Round "8"]
[White "Smeets, J."]
[Black "Gashimov, V."]
[Result "1/2-1/2"]
[WhiteElo "2651"]
[BlackElo "2740"]
[PlyCount "89"]
[EventDate "2010.03.13"]

1. e4 c5 2. Nf3 Nc6 3. d4 cxd4 4. Nxd4 Nf6 5. Nc3 d6 6. Bg5 Bd7 7. Qd2 Rc8 8.
O-O-O Nxd4 9. Qxd4 Qa5 10. f4 Rxc3 11. bxc3 e5 12. Qc4 d5 13. Rxd5 Nxd5 14.
Qxd5 Qxd5 15. exd5 f6 16. Bh4 exf4 17. Bf2 b6 18. Kd2 Bd6 19. Bd3 Kf7 20. a4
Rc8 21. a5 bxa5 22. Bxa7 a4 23. Bd4 a3 24. c4 Bb4+ 25. c3 Bd6 26. Ra1 g5 27. c5
Bxc5 28. Bxc5 Rxc5 29. c4 Ra5 30. Kc3 g4 31. Kb4 Ra4+ 32. Kb3 f3 33. gxf3 gxf3
34. c5 Rf4 35. Bf1 f2 36. Rxa3 Rd4 37. c6 Bf5 38. Ra2 Rxd5 39. Rxf2 Be6 40. Kb4
Ke7 41. Bg2 Rh5 42. Bh1 Re5 43. c7 Re1 44. Bc6 Kd6 45. Rxf6 1/2-1/2

[Event "19th Amber Rapid"]
[Site "Nice FRA"]
[Date "2010.03.21"]
[Round "8"]
[White "Grischuk, A."]
[Black "Karjakin, Sergey"]
[Result "1/2-1/2"]
[WhiteElo "2756"]
[BlackElo "2725"]
[PlyCount "60"]
[EventDate "2010.03.13"]

1. d4 d5 2. c4 c6 3. Nf3 Nf6 4. Nc3 dxc4 5. a4 e6 6. e3 c5 7. Bxc4 Nc6 8. O-O
Be7 9. Qe2 cxd4 10. exd4 O-O 11. Rd1 Nd5 12. Qe4 Nf6 13. Qh4 Nb4 14. Bg5 h6 15.
Bd2 b6 16. Ne5 Bb7 17. Bxh6 gxh6 18. Qxh6 Nh7 19. Bd3 Nxd3 20. Rxd3 Bg5 21. Qh5
Qf6 22. Rh3 Qg7 23. Rg3 Rfd8 24. Nf3 Bxf3 25. Qxf3 Qh6 26. Ne4 Kf8 27. Rh3 Qg6
28. Rg3 Qh6 29. Rh3 Qg7 30. Rg3 Qh6 1/2-1/2

[Event "19th Amber Rapid"]
[Site "Nice FRA"]
[Date "2010.03.21"]
[Round "8"]
[White "Dominguez Perez, L."]
[Black "Ivanchuk, V."]
[Result "1/2-1/2"]
[WhiteElo "2713"]
[BlackElo "2748"]
[PlyCount "108"]
[EventDate "2010.03.13"]

1. e4 c5 2. Nf3 e6 3. d4 cxd4 4. Nxd4 a6 5. c4 Nf6 6. Nc3 Bb4 7. Qf3 Bxc3+ 8.
bxc3 d6 9. Ba3 O-O 10. Rd1 e5 11. Nf5 Bxf5 12. exf5 Nc6 13. Be2 Qa5 14. Bxd6
Nd4 15. Qd3 Nxe2 16. Qxe2 Qxc3+ 17. Kf1 Rfd8 18. h4 b5 19. c5 Rac8 20. Rh3 Qc4
21. Qxc4 bxc4 22. Re1 Nd7 23. Bxe5 f6 24. Bd4 Nxc5 25. Bxc5 Rxc5 26. Rc3 Rd4
27. Re8+ Kf7 28. Ra8 h5 29. Ra7+ Kg8 30. Rxa6 Rxh4 31. Ra4 Rd4 32. g3 Kh7 33.
Kg2 Kh6 34. Rb4 Kg5 35. a4 Kxf5 36. a5 Rxa5 37. Rcxc4 Rd7 38. g4+ hxg4 39. Rf4+
Ke6 40. Rfe4+ Kf7 41. Rxg4 g5 42. Rbd4 Rda7 43. f4 Ra2+ 44. Kh3 Kg6 45. fxg5
fxg5 46. Rg2 Rh7+ 47. Kg3 Ra3+ 48. Kf2 Rh1 49. Rd5 Ra2+ 50. Kg3 Ra4 51. Rd6+
Kg7 52. Rc2 Rf1 53. Rc7+ Rf7 54. Rxf7+ Kxf7 1/2-1/2

[Event "19th Amber Rapid"]
[Site "Nice FRA"]
[Date "2010.03.21"]
[Round "8"]
[White "Gashimov, V."]
[Black "Smeets, J."]
[Result "1-0"]
[WhiteElo "2740"]
[BlackElo "2651"]
[PlyCount "65"]
[EventDate "2010.03.13"]

1. e4 e5 2. Nf3 Nf6 3. Nxe5 d6 4. Nf3 Nxe4 5. d4 d5 6. Bd3 Nc6 7. O-O Be7 8.
Re1 Bg4 9. c4 Nf6 10. Nc3 Nxd4 11. cxd5 Bxf3 12. gxf3 c5 13. d6 Qxd6 14. Nb5
Nxb5 15. Bxb5+ Kf8 16. Qe2 a6 17. Bf4 Qxf4 18. Qxe7+ Kg8 19. Be8 Qg5+ 20. Kh1
Qh5 21. Re3 h6 22. Ba4 b5 23. Bc2 c4 24. Rd1 Nh7 25. Rg1 Nf8 26. f4 Ng6 27. Qe4
Rd8 28. f5 Nf8 29. Qe7 Rd7 30. Rxg7+ Kxg7 31. Rg3+ Kh7 32. f6+ Ng6 33. Qxd7 1-0

[Event "19th Amber Rapid"]
[Site "Nice FRA"]
[Date "2010.03.21"]
[Round "8"]
[White "Kramnik, V."]
[Black "Carlsen, M."]
[Result "1/2-1/2"]
[WhiteElo "2790"]
[BlackElo "2813"]
[PlyCount "120"]
[EventDate "2010.03.13"]

1. d4 Nf6 2. c4 g6 3. Nc3 Bg7 4. e4 d6 5. Nf3 O-O 6. Be2 e5 7. O-O Nc6 8. d5
Ne7 9. b4 a5 10. Ba3 Nd7 11. bxa5 Rxa5 12. Bb4 Ra8 13. a4 Bh6 14. a5 f5 15. Bd3
Kh8 16. Re1 Nf6 17. c5 fxe4 18. cxd6 cxd6 19. Nxe4 Nxe4 20. Bxe4 Bf5 21. Rb1
Qd7 22. h3 Rac8 23. Qb3 Rf7 24. Bc3 Bxe4 25. Rxe4 Qf5 26. Rbe1 Rc5 27. Bxe5+
dxe5 28. Rxe5 Qf6 29. Re6 Qf4 30. Rxe7 Rxe7 31. Rxe7 Rc1+ 32. Ne1 Bf8 33. Qb2+
Kg8 34. Re8 Rd1 35. Qxb7 Qf7 36. Qc8 Kg7 37. Qc3+ Kg8 38. Re5 Qf4 39. Qb3 Bc5
40. d6+ Kg7 41. Re7+ Kh6 42. Qc2 Rc1 43. Re4 Rxc2 44. Rxf4 Rc1 45. Kf1 Bxd6 46.
Ra4 Bc5 47. Ke2 Ba7 48. Ra2 Kg5 49. Nd3 Rc4 50. Rb2 Ra4 51. Rb5+ Kf6 52. Nb4
Ke6 53. f4 Kd6 54. g4 Ra3 55. Nd3 Ra2+ 56. Kf3 Ra3 57. Ke2 Ra2+ 58. Ke1 Bd4 59.
f5 gxf5 60. Rxf5 Rxa5 1/2-1/2

[Event "19th Amber Rapid"]
[Site "Nice FRA"]
[Date "2010.03.21"]
[Round "8"]
[White "Gelfand, B."]
[Black "Aronian, L."]
[Result "1/2-1/2"]
[WhiteElo "2750"]
[BlackElo "2782"]
[PlyCount "73"]
[EventDate "2010.03.13"]

1. d4 Nf6 2. c4 g6 3. Nc3 d5 4. e3 Bg7 5. cxd5 Nxd5 6. Nxd5 Qxd5 7. Ne2 O-O 8.
Nc3 Qd8 9. Be2 c6 10. O-O e5 11. dxe5 Bxe5 12. e4 Qxd1 13. Rxd1 Be6 14. f4 Bc7
15. Be3 Nd7 16. Rac1 Bb6 17. Kf2 Nf6 18. h3 h5 19. Bf3 Rfd8 20. e5 Ne8 21. b3
f6 22. Na4 Rxd1 23. Rxd1 fxe5 24. fxe5 Ng7 25. g4 hxg4 26. hxg4 Rf8 27. Ke2 Bc7
28. Nc5 Bc8 29. Nd7 Rd8 30. Nf6+ Kf7 31. Rxd8 Bxd8 32. Bxa7 Bc7 33. Bd4 Ne6 34.
Bb2 Ng5 35. Bg2 Ke6 36. Ne4 Nf7 37. Nd6 1/2-1/2

[Event "19th Amber Blindfold"]
[Site "Nice FRA"]
[Date "2010.03.23"]
[Round "9"]
[White "Gashimov, V."]
[Black "Ivanchuk, V."]
[Result "1/2-1/2"]
[WhiteElo "2740"]
[BlackElo "2748"]
[PlyCount "60"]
[EventDate "2010.03.13"]

1. e4 c5 2. Nc3 e6 3. Nf3 a6 4. d4 cxd4 5. Nxd4 Qc7 6. Bd3 Nf6 7. Qe2 d6 8. f4
Nbd7 9. g4 Nc5 10. g5 Nfd7 11. Bd2 g6 12. f5 Ne5 13. b4 Ncxd3+ 14. cxd3 Bd7 15.
a3 Rc8 16. Rc1 Be7 17. O-O Qb6 18. Be3 Bxg5 19. fxe6 fxe6 20. Na4 Bxe3+ 21.
Qxe3 Qa7 22. Nc5 dxc5 23. Qf4 Ng4 24. Qf7+ Kd8 25. Nxe6+ Bxe6 26. Qxe6 c4+ 27.
Kh1 Nf2+ 28. Rxf2 Qxf2 29. Qd6+ Ke8 30. Qe6+ Kd8 1/2-1/2

[Event "19th Amber Blindfold"]
[Site "Nice FRA"]
[Date "2010.03.23"]
[Round "9"]
[White "Kramnik, V."]
[Black "Svidler, P."]
[Result "1/2-1/2"]
[WhiteElo "2790"]
[BlackElo "2750"]
[PlyCount "61"]
[EventDate "2010.03.13"]

1. d4 Nf6 2. c4 g6 3. Nc3 d5 4. e3 Bg7 5. cxd5 Nxd5 6. Nxd5 Qxd5 7. Ne2 O-O 8.
Nc3 Qd6 9. Be2 c6 10. O-O Nd7 11. Qc2 e5 12. dxe5 Qxe5 13. e4 Nf6 14. Be3 Ng4
15. Bxg4 Bxg4 16. h3 Bd7 17. Rad1 Qe7 18. Bd4 Rfd8 19. Bxg7 Kxg7 20. Rd3 Be6
21. Rfd1 a5 22. b3 Rxd3 23. Qxd3 b5 24. Ne2 Kg8 25. Nf4 a4 26. e5 axb3 27. axb3
Re8 28. Qc3 c5 29. g3 b4 30. Qe3 c4 31. bxc4 1/2-1/2

[Event "19th Amber Blindfold"]
[Site "Nice FRA"]
[Date "2010.03.23"]
[Round "9"]
[White "Grischuk, A."]
[Black "Smeets, J."]
[Result "1-0"]
[WhiteElo "2756"]
[BlackElo "2651"]
[PlyCount "103"]
[EventDate "2010.03.13"]

1. Nf3 d5 2. c4 c6 3. e3 Nf6 4. Nc3 e6 5. b3 Nbd7 6. Qc2 Bd6 7. Bb2 O-O 8. Be2
b6 9. cxd5 cxd5 10. Nb5 Bc5 11. d4 Bb4+ 12. Bc3 Be7 13. Bb2 Bb4+ 14. Nc3 Bb7
15. a3 Bd6 16. Bd3 Rc8 17. Qb1 a6 18. O-O Qe7 19. Rc1 h6 20. Ne2 Ne4 21. Rxc8
Rxc8 22. Qd1 Rc7 23. Ne5 Qh4 24. Ng3 Qf6 25. f4 Qd8 26. Qe2 Qc8 27. Rf1 Ndf6
28. f5 Nxg3 29. hxg3 exf5 30. Bxf5 Qe8 31. Bd3 Ne4 32. Bxe4 dxe4 33. Nc4 Bf8
34. Nxb6 Qe6 35. Nc4 Bd5 36. Rc1 Qg6 37. Qf2 Bxc4 38. Rxc4 Rxc4 39. bxc4 Bd6
40. Bc3 Bxg3 41. Qe2 Qb6 42. Qd1 Qc6 43. c5 Qd5 44. Qg4 Qb3 45. Qxg3 Qxc3 46.
Qb8+ Kh7 47. Qf4 Qd3 48. Kh2 Kg6 49. c6 f5 50. c7 Qc2 51. d5 Qc5 52. Qe5 1-0

[Event "19th Amber Blindfold"]
[Site "Nice FRA"]
[Date "2010.03.23"]
[Round "9"]
[White "Dominguez Perez, L."]
[Black "Carlsen, M."]
[Result "1/2-1/2"]
[WhiteElo "2713"]
[BlackElo "2813"]
[PlyCount "99"]
[EventDate "2010.03.13"]

1. d4 Nf6 2. c4 e6 3. g3 d5 4. Nf3 Be7 5. Bg2 O-O 6. O-O dxc4 7. Qc2 a6 8. Qxc4
b5 9. Qc2 Bb7 10. Bd2 Be4 11. Qc1 Bb7 12. Bf4 Nd5 13. Nc3 Nxf4 14. Qxf4 Qd6 15.
Ne5 Bxg2 16. Kxg2 Nd7 17. Nxd7 Qxd7 18. Rfd1 Rac8 19. Qf3 Rfd8 20. Rac1 h6 21.
e3 b4 22. Ne4 Qa4 23. Ra1 Rd5 24. b3 Qa5 25. Nd2 Rcd8 26. Nc4 Qb5 27. Rac1 Bf6
28. Re1 a5 29. Re2 c5 30. dxc5 Qxc5 31. Rec2 Bc3 32. Nb2 Rd2 33. Qe4 Qb5 34.
Nc4 R2d5 35. h4 h5 36. a4 Qc5 37. Rb1 g6 38. Rcc1 Kg7 39. Qf3 Rd3 40. Rd1 Bf6
41. Rxd3 Rxd3 42. Qe4 Rc3 43. Kg1 Qc7 44. Kg2 Qd8 45. Qf3 Rd3 46. Qe4 Rc3 47.
Qf3 Qc7 48. Qe4 Qc5 49. Kg1 Qc7 50. Kg2 1/2-1/2